Ejercicios de lenguaje : (Record no. 18695)

MARC details
000 -CABECERA
campo de control de longitud fija 01101nam a2200301 a 4500
003 - IDENTIFICADOR DEL NÚMERO DE CONTROL
campo de control MX-MxUPN
005 - FECHA Y HORA DE LA ÚLTIMA TRANSACCIÓN
campo de control 20250115083424.0
008 - ELEMENTOS DE LONGITUD FIJA--INFORMACIÓN GENERAL
campo de control de longitud fija 991125s1949 mx a br 001 0 spa d
035 ## - NÚMERO DE CONTROL DEL SISTEMA
Número de control de sistema UPN01000018695
040 ## - FUENTE DE LA CATALOGACIÓN
Centro catalogador/agencia de origen MX-MxUPN
Lengua de catalogación spa
Centro/agencia transcriptor MX-MxUPN
041 ## - CÓDIGO DE IDIOMA
Código de lengua del texto/banda sonora o título independiente spa
050 #4 - SIGNATURA TOPOGRÁFICA DE LA BIBLIOTECA DEL CONGRESO
Número de clasificación LB1577 M6.1
Número de documento/Ítem V44 1949
100 1# - ASIENTO PRINCIPAL--NOMBRE PERSONAL
Nombre de persona Velarde, Sergio
9 (RLIN) 44239
245 10 - MENCIÓN DE TÍTULO
Título Ejercicios de lenguaje :
Resto del título primer libro
246 14 - FORMA VARIANTE DE TÍTULO
Título propio/Titulo breve Ejercicio de lenguaje :
Resto del título teoría y práctica de la gramática en las clases elementales
250 ## - MENCIÓN DE EDICIÓN
Mención de edición Quinta edición
Resto de la mención de edición revisada y mejorada
260 ## - PUBLICACIÓN, DISTRIBUCIÓN, ETC.
Lugar de publicación, distribución, etc. México, D.F. :
Nombre del editor, distribuidor, etc. Editorial Progreso,
Fecha de publicación, distribución, etc. 1949.
300 ## - DESCRIPCIÓN FÍSICA
Extensión 127 páginas :
Otras características físicas ilustraciones
500 ## - NOTA GENERAL
Nota general "Teoría y práctica de la gramática para 1° y 2° años de enseñanza elemental"
504 ## - NOTA DE BIBLIOGRAFÍA, ETC.
Nota de bibliografía, etc. Incluye índice.
650 #4 - ASIENTO SECUNDARIO DE MATERIA - TERMINO TEMATICO
Término de materia o nombre geográfico como elemento de entrada Español
Subdivisión general Gramática
-- Estudio y enseñanza (Elemental)
9 (RLIN) 13348
650 #4 - ASIENTO SECUNDARIO DE MATERIA - TERMINO TEMATICO
Término de materia o nombre geográfico como elemento de entrada Español
9 (RLIN) 17036
Subdivisión de forma Libros de texto
710 2# - ASIENTO SECUNDARIO - NOMBRE CORPORATIVO
9 (RLIN) 51335
Nombre de entidad corporativa o nombre de jurisdicción como elemento de entrada Museo Pedagógico Nacional (México)
Término indicativo de función/relación propietario anterior
902 ## - ELEMENTOS DE DATOS B LOCAL, LDB (RLIN)
Modificó MaríaRobles/310524
904 ## - ELEMENTOS DE DATOS D LOCAL, LDD (RLIN)
a AC
b 018696
905 ## - TIPO DE MATERIAL
Tipo de material Libro
942 ## - ELEMENTOS DE PUNTO DE ACCESO ADICIONAL (KOHA)
Fuente del sistema de clasificación o colocación Library of Congress Classification
Tipo de ítem Koha Libro
Suprimir en OPAC No
Holdings
Estado de retiro Estado de pérdida Fuente del sistema de clasificación o colocación Estado dañado No para préstamo Código de colección Localización permanente Ubicación/localización actual Ubicación en estantería Fecha de adquisición Clasificación Código de barras Fecha visto por última vez Tipo de ítem Koha Nota pública
    Library of Congress Classification   Disponible (Préstamo en sala) Libros de texto Bib. Gregorio Torres Quintero Bib. Gregorio Torres Quintero Colecciones especiales Planta alta 31/05/2024 LB1577 M6.1 V44 1949 125121 31/12/2020 Libro Ejemplar con sello del Museo Pedagógico Nacional y con nota manuscrita.